000 00735nam a2200277Ia 4500
005 20260324142256.0
008 008 260324s9999 xx 000 0 eng d
020 _a9780203744956
037 _aEBOOK
040 _aCRL
040 _beng
040 _cCRL
041 _2eng
041 _aeng
084 _qCRL
100 _aAlexander S. Kondratyev; Dimitry V. Pozdnyakov; John H. Jerome; Robert P. Bukata
_91211358
245 0 _aOptical Properties and Remote Sensing of Inland and Coastal Waters
260 _bTaylor and Francis
260 _c1995
365 _a
365 _b560
856 _uhttp://www.taylorfrancis.com/books/9780203744956
942 _cEBOOK
999 _c1815324
_d1815324